00937ngm a2200241 4500003000400000005001700004007000400021008004100025010002000066024002200086035002000108040001300128082001500141245007500156260002800231300005000259440003300309500014000342538004900482538012500531650001900656700002000675dpl20090212142314.0DVD||||||sp199 xxu|||||c ||| 00| 0 ng d  aDVD-001627-1629 aDENF 0028Sc99.00 aDVD-001627-1629 aDPLcDPL aDVD / RETU aReturn to the 36th CambercIndus Video Presentsh[videorecording] DVD/ bMoserbaer Entertainment a1 videodisc DVD;bsd., col. ;c4 3/4 in.fDVD aMoserbaer Home Entertainment aMoserbaer India Ltd. has obtained the necessary licence/conssent from the owner of the copyright in the wroks for making this DVD Film. aDolby Digital 5.1 - Hindi Subtitles: English aThis DVD can be played back on DVD Players, multimedia systems & PC with MPEG card interactive with version 2.0 players. aMotion Picture aChia-Liang, Liu